King Arthuur / (Record no. 25141)
[ view plain ]
| 000 -LEADER | |
|---|---|
| fixed length control field | 01376ngm a2200361 4500 |
| 003 - CONTROL NUMBER IDENTIFIER | |
| control field | dpl |
| 005 - DATE AND TIME OF LATEST TRANSACTION | |
| control field | 20090313115545.0 |
| 007 - PHYSICAL DESCRIPTION FIXED FIELD--GENERAL INFORMATION | |
| fixed length control field | DVD |
| 008 - FIXED-LENGTH DATA ELEMENTS--GENERAL INFORMATION | |
| fixed length control field | ||||||sp199 xxu|||||c|||| 00| 0 eng d |
| 010 ## - LIBRARY OF CONGRESS CONTROL NUMBER | |
| LC control number | DVD-001744 |
| 024 ## - OTHER STANDARD IDENTIFIER | |
| Terms of availability | 299.00 |
| 035 ## - SYSTEM CONTROL NUMBER | |
| System control number | DVD-001744 |
| 040 ## - CATALOGING SOURCE | |
| Original cataloging agency | DPL |
| Transcribing agency | DPL |
| 082 ## - DEWEY DECIMAL CLASSIFICATION NUMBER | |
| Classification number | DVD / KING |
| 245 ## - TITLE STATEMENT | |
| Title | King Arthuur / |
| Statement of responsibility, etc | Touchstone Pictures and Jerry Bruckheimer Films Presents |
| Medium | [videorecording] DVD/ |
| 260 ## - PUBLICATION, DISTRIBUTION, ETC. (IMPRINT) | |
| Name of publisher, distributor, etc | Excel Home Videos |
| 300 ## - PHYSICAL DESCRIPTION | |
| Extent | 2 videodisc VCD; |
| Other physical details | sd., col. ; |
| Dimensions | 4 3/4 in. |
| Type of unit | VCD |
| 500 ## - GENERAL NOTE | |
| General note | This DVD is Copy Protected |
| 500 ## - GENERAL NOTE | |
| General note | Original Theatrical Version |
| 500 ## - GENERAL NOTE | |
| General note | The untold true story that inspired the legend. |
| 538 ## - SYSTEM DETAILS NOTE | |
| System details note | Dolby Digital 5.1-English Subtitles: English |
| 538 ## - SYSTEM DETAILS NOTE | |
| System details note | Aspect Ratio: 2.35:1, Presentation type: Wide Screen, Presentation Size 16x9 Format DVD 9 Dual Layer Single Sided Disc. |
| 650 ## - SUBJECT ADDED ENTRY--TOPICAL TERM | |
| Topical term or geographic name as entry element | Motion Picture |
| 700 ## - ADDED ENTRY--PERSONAL NAME | |
| Personal name | Grufffudd, Ioan |
| 700 ## - ADDED ENTRY--PERSONAL NAME | |
| Personal name | Skarsgard, Stellan |
| 700 ## - ADDED ENTRY--PERSONAL NAME | |
| Personal name | Dillane, Stephen |
| 700 ## - ADDED ENTRY--PERSONAL NAME | |
| Personal name | Winstone, Ray |
| 700 ## - ADDED ENTRY--PERSONAL NAME | |
| Personal name | Dancy, Hugh |
| 700 ## - ADDED ENTRY--PERSONAL NAME | |
| Personal name | Schweiger, Til |
| 942 ## - ADDED ENTRY ELEMENTS (KOHA) | |
| Koha item type | CD-ROMs, DVDs, VHS |
| Source of classification or shelving scheme | Dewey Decimal Classification |
| Classification part | DVD |
| Call number suffix | KING |
| Withdrawn status | Lost status | Source of classification or shelving scheme | Damaged status | Not for loan | Home library | Current library | Date acquired | Source of acquisition | Cost, normal purchase price | Total Checkouts | Total Renewals | Full call number | Barcode | Date last seen | Date checked out | Copy number | Cost, replacement price | Price effective from | Koha item type |
|---|---|---|---|---|---|---|---|---|---|---|---|---|---|---|---|---|---|---|---|
| Dewey Decimal Classification | Central Library | Central Library | 13/03/2009 | Purchase | 299.00 | 26 | 1 | DVD KING | DVD-001744 | 11/08/2014 | 22/07/2014 | 1 | 299.00 | 13/03/2009 | CD-ROMs, DVDs, VHS |
